Los siniestros y las avera̕s en el seguro de transportes

Detalles Bibliográficos
Autor principal: Sorl ̕Rojo, Vc̕tor
Otros Autores: Cuadrado Echevarra̕, Jos ̌Luis
Formato: Desconocido
Lenguaje:español
Publicado: Barcelona J.M. Bosch Editor, 2006
Colección:Biblioteca de derecho mart̕imo (Jos ̌Mara̕ Bosch Editor)
Materias:
Acceso en línea:Acceso restringido

MARC

LEADER 00000ny a22000003n 4500
005 20110523104026.0
008 961119s1996 sp s 000 0 spa c
017 |a B16766-1996 
020 |a 8476983867 
035 |a 1165 
040 |a UMA.CEE  |d UMA.RE  |d vLex 
080 |a 347.796 
080 |a 368.22/.23 
090 |c 141  |d 141 
100 1 |a Sorl ̕Rojo, Vc̕tor 
245 1 4 |a Los siniestros y las avera̕s en el seguro de transportes  |h [Recurso electrn̤ico]  |c V. Sorl ̕Rojo y J.L. Cuadrado Echeverra̕ 
256 |a Servicio en ln̕ea 
260 |a Barcelona  |c 2006   |b J.M. Bosch Editor, 
300 |a 301 p. ;  |c 24 cm 
490 1 |a Biblioteca de derecho mart̕imo 
504 |a Bibliogr.: p. 293-295 
506 1 |a Contenido solo disponible en los productos indicados  |d vLex Global  |d vLex Global (Academic Edition, excluding Law Schools)  |d vLex Global (U.S. Academic Edition, Law Schools)  |d vLex Global (U.S. Academic Edition, excluding Law Schools)  |d vLex Global (Academic Edition, Law Schools) 
650 0 7 |a Seguros  |2 Tesauro vLex 
650 0 7 |a Mercantil  |2 Tesauro vLex 
650 0 7 |a Siniestros  |2 Tesauro vLex 
650 0 7 |a Contratos de seguros  |2 Tesauro vLex 
650 0 7 |a Seguros de transportes  |2 Tesauro vLex 
700 1 |a Cuadrado Echevarra̕, Jos ̌Luis 
740 0 |a vLex Libros (Servicios en ln̕ea) 
830 0 |a Biblioteca de derecho mart̕imo (Jos ̌Mara̕ Bosch Editor) 
856 4 0 |u http://vlex.com/source/1165  |z Acceso restringido 
942 |c BOOK 
999 0 |a Insurance, Automobile  |b Spain